000
00333nam a2200133Ia 4500
008
240624s9999 xx 000 0 und d
041
_a
eng
082
_a
658.3 DEN
100
_a
DENISI ANGELO S
245
_a
HR WHAT S INSIDE
260
_c
2011
_a
Australia
_b
Cengage Learning
300
_a
vii, : 339 : p. : cm. ; 27
365
_c
_b
25
999
_c
26883
_d
26883